| 000 | 00370nam a2200145Ia 4500 | ||
|---|---|---|---|
| 008 | 230917s9999||||xx |||||||||||||| ||und|| | ||
| 040 |
_e97194 _aMAIN |
||
| 041 | _aEnglish | ||
| 082 | _a959 O2S | ||
| 100 | _aOsborne, Milton | ||
| 245 | 0 | _aSouth East Asia: an introductory history | |
| 260 |
_aSydney _bGeorge Allen and Unwin _c1979 |
||
| 300 | _a205 p. | ||
| 942 | _cBK | ||
| 999 |
_c230322 _d230322 |
||